[Event "Titled Tuesday intern op 29th Aug Late"]
[Site "Chess.com INT"]
[Date "2023.08.29"]
[Round "2"]
[White "Beerdsen, Thomas"]
[Black "Szajbely, Zsigmond"]
[Result "1-0"]
[WhiteElo "2516"]
[BlackElo "2247"]
[PlyCount "83"]
[EventDate "2023.08.29"]
[EventType "swiss (blitz)"]
[EventRounds "11"]
[EventCountry "USA"]
[SourceTitle "EXT 2024"]
[Source "ChessBase"]
[SourceDate "2023.10.10"]
[SourceVersion "1"]
[SourceVersionDate "2023.10.10"]
[SourceQuality "1"]

1. e4 e6 2. c4 c5 3. Nf3 Nc6 4. Nc3 Nf6 5. d4 cxd4 6. Nxd4 Bb4 7. Nxc6 bxc6 8. Bd3 e5 9. 0-0 0-0 10. Bg5 h6 11. Bh4 g5 12. Bg3 Bxc3 13. bxc3 d6 14. Rb1 Qa5 15. h4 Kg7 16. Qd2 Nh7 17. f3 Be6 18. Bf2 Rab8 19. Rbd1 Rfd8 20. Be3 f6 21. g3 Qa4 22. f4 Bxc4 23. fxg5 fxg5 24. hxg5 hxg5 25. Bxg5 Bxd3 26. Bxd8 Bxf1 27. Qxd6 Bc4 28. Qxe5+ Kg8 29. Rd2 Qb5 30. Qf4 Qc5+ 31. Kh2 Rb7 32. Bc7 Qf8 33. Rd8 Qxd8 34. Bxd8 Rf7 35. Qg4+ Rg7 36. Qc8 Nf8 37. Qxc6 Be6 38. Bf6 Rh7+ 39. Kg1 Rh6 40. Bd4 Rg6 41. Qd6 Bf7 42. Qe5 1-0

[Event "Titled Tuesday intern op 15th Aug Early"]
[Site "Chess.com INT"]
[Date "2023.08.15"]
[Round "6"]
[White "Szajbely, Zsigmond"]
[Black "Ismayil, Malak"]
[Result "1-0"]
[WhiteElo "2247"]
[BlackElo "2148"]
[PlyCount "161"]
[EventDate "2023.08.15"]
[EventType "swiss (blitz)"]
[EventRounds "11"]
[EventCountry "USA"]
[SourceTitle "EXT 2024"]
[Source "ChessBase"]
[SourceDate "2023.10.10"]
[SourceVersion "1"]
[SourceVersionDate "2023.10.10"]
[SourceQuality "1"]

1. e4 e5 2. Nf3 Nc6 3. Bc4 Bc5 4. c3 Nf6 5. d3 d6 6. 0-0 h6 7. a4 a6 8. Re1 0-0 9. h3 Be6 10. Bxe6 fxe6 11. b4 Bb6 12. Na3 Qe8 13. Nc4 Ba7 14. Rb1 b5 15. Ncd2 Nh5 16. Nf1 Nf4 17. Be3 Qg6 18. Ng3 Bxe3 19. Rxe3 Rf6 20. Ra1 Raf8 21. axb5 axb5 22. Ra6 Nb8 23. Ra8 Nd7 24. Rxf8+ Nxf8 25. Qa1 Qf7 26. Nh2 h5 27. Qa2 h4 28. Ngf1 Nd7 29. Ng4 Rg6 30. Nfh2 Nb6 31. Nf3 Qe7 32. Qa6 Qd7 33. Nxh4 Rg5 34. Nf3 Rg6 35. Qb7 Kh7 36. Re1 Qf7 37. Re3 Nh5 38. Qc6 Qd7 39. Qxd7 Nxd7 40. Re2 Nhf6 41. Nxf6+ Rxf6 42. Ra2 Nb6 43. Ra5 d5 44. Rxb5 dxe4 45. dxe4 Rf4 46. Rxe5 Nc4 47. Rxe6 Rf8 48. Ng5+ Kg8 49. Rc6 Ne5 50. Rxc7 Nd3 51. Rxg7+ Kxg7 52. Ne6+ Kf7 53. Nxf8 Kxf8 54. h4 Ne5 55. f4 Ng4 56. g3 Ke7 57. Kg2 Ke6 58. Kf3 Nf6 59. c4 Nd7 60. g4 Nb6 61. h5 Nxc4 62. g5 Kf7 63. f5 Ne5+ 64. Kf4 Nd3+ 65. Ke3 Nxb4 66. Kd4 Nc6+ 67. Kd5 Nb4+ 68. Kd6 Nc2 69. e5 Ne3 70. g6+ Kf8 71. f6 Nf5+ 72. Kd7 Nd4 73. e6 Nxe6 74. Kxe6 Kg8 75. h6 Kh8 76. g7+ Kh7 77. f7 Kxh6 78. f8Q Kg5 79. g8Q+ Kh5 80. Qf5+ Kh4 81. Qfh7# 1-0

[Event "Titled Tuesday intern op 15th Aug Early"]
[Site "Chess.com INT"]
[Date "2023.08.15"]
[Round "10"]
[White "Szajbely, Zsigmond"]
[Black "Jaskolka, Tomasz"]
[Result "1/2-1/2"]
[WhiteElo "2247"]
[BlackElo "2227"]
[PlyCount "103"]
[EventDate "2023.08.15"]
[EventType "swiss (blitz)"]
[EventRounds "11"]
[EventCountry "USA"]
[SourceTitle "EXT 2024"]
[Source "ChessBase"]
[SourceDate "2023.10.10"]
[SourceVersion "1"]
[SourceVersionDate "2023.10.10"]
[SourceQuality "1"]

1. d4 d5 2. c4 e5 3. dxe5 d4 4. Nf3 Nc6 5. a3 a5 6. e3 Bc5 7. exd4 Bxd4 8. Nxd4 Qxd4 9. Qxd4 Nxd4 10. Kd1 Bf5 11. Nd2 Bc2+ 12. Ke1 Bg6 13. Ra2 Ne7 14. b3 0-0 15. g3 Nec6 16. f4 f6 17. exf6 Rae8+ 18. Kf2 Rxf6 19. Bb2 Rfe6 20. Bxd4 Nxd4 21. g4 Bc2 22. Nf3 Bxb3 23. Nxd4 Bxa2 24. Nxe6 Rxe6 25. Bg2 Bxc4 26. Bxb7 Rb6 27. Rc1 Rb2+ 28. Kg3 Rxb7 29. Rxc4 Rb3+ 30. Kh4 Rxa3 31. Rxc7 Ra2 32. h3 a4 33. Ra7 a3 34. Kg5 Ra1 35. h4 a2 36. h5 h6+ 37. Kg6 Kf8 38. Ra8+ Ke7 39. Kxg7 Rg1 40. Rxa2 Rxg4+ 41. Kxh6 Rxf4 42. Kg5 Rf1 43. h6 Rg1+ 44. Kh5 Kf7 45. Ra7+ Kg8 46. Ra8+ Kh7 47. Ra7+ Kh8 48. Rb7 Rh1+ 49. Kg6 Rg1+ 50. Kh5 Rh1+ 51. Kg6 Rg1+ 52. Kh5 1/2-1/2

[Event "Titled Tuesday intern op 01st Aug Early"]
[Site "Chess.com INT"]
[Date "2023.08.01"]
[Round "1"]
[White "Szajbely, Zsigmond"]
[Black "Principe, Gerson"]
[Result "0-1"]
[WhiteElo "2247"]
[BlackElo "2213"]
[PlyCount "66"]
[EventDate "2023.08.01"]
[EventType "swiss (blitz)"]
[EventRounds "11"]
[EventCountry "USA"]
[SourceTitle "EXT 2024"]
[Source "ChessBase"]
[SourceDate "2023.10.10"]
[SourceVersion "1"]
[SourceVersionDate "2023.10.10"]
[SourceQuality "1"]

1. d4 Nf6 2. c4 e6 3. Nc3 Bb4 4. Nf3 b6 5. e3 Bb7 6. Bd3 Bxc3+ 7. bxc3 Ne4 8. Qc2 f5 9. 0-0 0-0 10. Nd2 Nxd2 11. Qxd2 Nc6 12. f3 Na5 13. e4 fxe4 14. fxe4 Rxf1+ 15. Kxf1 Qf6+ 16. Kg1 Rf8 17. Qe2 e5 18. Be3 d6 19. Rf1 Qxf1+ 20. Qxf1 Rxf1+ 21. Kxf1 Ba6 22. dxe5 dxe5 23. Bg5 Bxc4 24. Ke2 Kf7 25. Bxc4+ Nxc4 26. Bd8 c6 27. a4 a5 28. Bc7 b5 29. axb5 cxb5 30. Kd3 Ke6 31. Bb8 a4 32. h3 a3 33. Kc2 a2 0-1

[Event "Titled Tuesday intern op 01st Aug Late"]
[Site "Chess.com INT"]
[Date "2023.08.01"]
[Round "6"]
[White "Szajbely, Zsigmond"]
[Black "Santos Flores, Alberto Javier"]
[Result "0-1"]
[WhiteElo "2247"]
[BlackElo "2200"]
[PlyCount "128"]
[EventDate "2023.08.01"]
[EventType "swiss (blitz)"]
[EventRounds "11"]
[EventCountry "USA"]
[SourceTitle "EXT 2024"]
[Source "ChessBase"]
[SourceDate "2023.10.10"]
[SourceVersion "1"]
[SourceVersionDate "2023.10.10"]
[SourceQuality "1"]

1. d4 d5 2. Nf3 Nf6 3. g3 Bf5 4. Bg2 c6 5. 0-0 h6 6. b3 e6 7. c4 Be7 8. Nc3 Ne4 9. Bb2 Nxc3 10. Bxc3 Be4 11. Qd2 Nd7 12. a4 0-0 13. a5 b5 14. axb6 axb6 15. Rxa8 Qxa8 16. Ra1 Qb7 17. Qa2 Rb8 18. Qa7 Bf6 19. Ne5 Bxe5 20. dxe5 Bxg2 21. Kxg2 Nc5 22. b4 Ne4 23. Be1 Qxa7 24. Rxa7 dxc4 25. f3 Ng5 26. Rc7 b5 27. Rxc6 Nh7 28. Kf2 Nf8 29. Rc7 g5 30. Ke3 Ng6 31. Ke4 Rd8 32. Rc5 Rb8 33. Rc7 Kf8 34. Bf2 Ke8 35. Bc5 Rd8 36. Bd6 Rb8 37. Rc5 Rb7 38. Kd4 Kd7 39. e4 Ne7 40. Bxe7 Kxe7 41. Rc8 Rd7+ 42. Kc3 Rd3+ 43. Kc2 Rxf3 44. Rc7+ Kf8 45. Rb7 Rf2+ 46. Kc3 Rxh2 47. Rxb5 Rg2 48. Rb8+ Kg7 49. b5 Rxg3+ 50. Kxc4 Rg1 51. b6 Rb1 52. Kc5 h5 53. Rd8 h4 54. Rd4 Rxb6 55. Kxb6 g4 56. Rd1 Kh6 57. Kc6 Kg5 58. Kd7 h3 59. Ke7 g3 60. Kxf7 h2 61. Kxe6 g2 62. Kd7 g1Q 63. Rxg1+ hxg1Q 64. e6 Qd4+ 0-1

[Event "Titled Tuesday intern op 09th May Late"]
[Site "Chess.com INT"]
[Date "2023.05.09"]
[Round "3"]
[White "Szajbely, Zsigmond"]
[Black "Kavutskiy, Konstantin"]
[Result "0-1"]
[WhiteElo "2230"]
[BlackElo "2414"]
[PlyCount "32"]
[EventDate "2023.05.09"]
[EventType "swiss (blitz)"]
[EventRounds "11"]
[EventCountry "USA"]
[SourceTitle "CBM 214 Extra"]
[Source "ChessBase"]
[SourceDate "2023.07.31"]
[SourceVersion "1"]
[SourceVersionDate "2023.07.31"]
[SourceQuality "1"]

1. e4 c5 2. c3 Nf6 3. e5 Nd5 4. Nf3 e6 5. Bc4 d6 6. d4 cxd4 7. cxd4 Be7 8. 0-0 0-0 9. Qe2 Nd7 10. Bf4 Nxf4 11. Qd2 Nd5 12. a4 dxe5 13. dxe5 Qc7 14. Bb3 Nxe5 15. Nxe5 Qxe5 16. Re1 Qf6 0-1

[Event "Titled Tuesday intern op 02nd May Late"]
[Site "Chess.com INT"]
[Date "2023.05.02"]
[Round "7"]
[White "Szajbely, Zsigmond"]
[Black "Kochiev, Ivan"]
[Result "0-1"]
[WhiteElo "2230"]
[BlackElo "2053"]
[PlyCount "68"]
[EventDate "2023.05.02"]
[EventType "swiss (blitz)"]
[EventRounds "11"]
[EventCountry "USA"]
[SourceTitle "EXT 2024"]
[Source "ChessBase"]
[SourceDate "2023.10.10"]
[SourceVersion "1"]
[SourceVersionDate "2023.10.10"]
[SourceQuality "1"]

1. e4 d5 2. d4 dxe4 3. f3 Nf6 4. Bc4 exf3 5. Nxf3 e6 6. 0-0 Be7 7. Qe1 0-0 8. Bf4 b6 9. Nc3 Bb7 10. Rd1 Nd5 11. Nxd5 Bxd5 12. Bd3 c5 13. c4 Bxf3 14. Rxf3 Qxd4+ 15. Kh1 Nc6 16. Bxh7+ Kxh7 17. Rh3+ Kg8 18. Rxd4 Nxd4 19. Be5 Rad8 20. Bxg7 Kxg7 21. Qg3+ Kf6 22. Qh4+ Ke5 23. Qxe7 Nf5 24. Qc7+ Kf6 25. g4 Rd1+ 26. Kg2 Nd4 27. Qf4+ Ke7 28. Qc7+ Kf6 29. g5+ Kg6 30. Qe7 Rd2+ 31. Kf1 Rd1+ 32. Kf2 Rd2+ 33. Ke3 Nf5+ 34. Kf3 Nxe7 0-1

[Event "Titled Tuesday intern op 02nd May Late"]
[Site "Chess.com INT"]
[Date "2023.05.02"]
[Round "5"]
[White "Szajbely, Zsigmond"]
[Black "Serban, Cristian Stefan"]
[Result "0-1"]
[WhiteElo "2230"]
[BlackElo "2214"]
[PlyCount "70"]
[EventDate "2023.05.02"]
[EventType "swiss (blitz)"]
[EventRounds "11"]
[EventCountry "USA"]
[SourceTitle "EXT 2024"]
[Source "ChessBase"]
[SourceDate "2023.10.10"]
[SourceVersion "1"]
[SourceVersionDate "2023.10.10"]
[SourceQuality "1"]

1. e4 c6 2. d4 d5 3. Nc3 g6 4. h3 Bg7 5. Nf3 a6 6. e5 e6 7. Be3 Qc7 8. Be2 Nd7 9. b4 b6 10. 0-0 c5 11. dxc5 bxc5 12. bxc5 Nxc5 13. Nxd5 exd5 14. Qxd5 Nb7 15. Rab1 Ne7 16. Qe4 0-0 17. Bg5 Qc6 18. Bd3 Nc5 19. Qxc6 Nxc6 20. Rfe1 Nxd3 21. cxd3 Be6 22. Rb6 Rfc8 23. d4 Bf8 24. a4 a5 25. Rc1 Bd5 26. Bf6 Rab8 27. Rxb8 Rxb8 28. h4 h6 29. h5 g5 30. Rd1 Rb4 31. Ne1 Rxd4 32. Rc1 Rxa4 33. Nc2 Rc4 34. Rd1 Be6 35. Rd5 Bxd5 0-1

[Event "Titled Tuesday intern op 25th Apr Late"]
[Site "Chess.com INT"]
[Date "2023.04.25"]
[Round "1"]
[White "Manukyan, Sargis A"]
[Black "Szajbely, Zsigmond"]
[Result "1-0"]
[WhiteElo "2158"]
[BlackElo "2243"]
[PlyCount "141"]
[EventDate "2023.04.25"]
[EventType "swiss (blitz)"]
[EventRounds "11"]
[EventCountry "USA"]
[SourceTitle "EXT 2024"]
[Source "ChessBase"]
[SourceDate "2023.10.10"]
[SourceVersion "1"]
[SourceVersionDate "2023.10.10"]
[SourceQuality "1"]

1. d4 c5 2. d5 Nf6 3. c4 e6 4. Nc3 exd5 5. cxd5 d6 6. Nf3 g6 7. Bf4 Bg7 8. e3 0-0 9. h3 Re8 10. Be2 a6 11. a4 Qc7 12. 0-0 Nbd7 13. Nd2 Ne5 14. Nc4 Nxc4 15. Bxc4 Nh5 16. Bh2 f5 17. a5 Bd7 18. Qc2 Rf8 19. Na4 Bxa4 20. Rxa4 Kh8 21. Be2 Nf6 22. Bf3 Nd7 23. b4 Rac8 24. Rc1 c4 25. Be2 c3 26. b5 axb5 27. Bxb5 Nc5 28. Rc4 Qxa5 29. Rb1 Qd8 30. Bg3 g5 31. h4 g4 32. Bf4 Qe7 33. g3 Ne4 34. Rxc8 Rxc8 35. Bd3 Nd2 36. Rb6 Nf3+ 37. Kf1 Ra8 38. Qc1 Be5 39. Bxf5 Qc7 40. Rb3 Nd2+ 41. Kg2 Nxb3 42. Qc2 Bxf4 43. gxf4 Nd2 44. Be6 Qe7 45. Qxc3+ Qg7 46. Qxd2 Qf6 47. Kg3 Ra1 48. Qc2 Rh1 49. Qc8+ Kg7 50. Qg8+ Kh6 51. Qg5+ Qxg5 52. fxg5+ Kg7 53. Kxg4 b5 54. h5 b4 55. h6+ Kf8 56. f4 b3 57. Bf5 b2 58. Bxh7 b1Q 59. Bxb1 Rxb1 60. Kf5 Re1 61. e4 Kf7 62. g6+ Kg8 63. e5 dxe5 64. fxe5 Rf1+ 65. Ke6 Ra1 66. d6 Ra6 67. Ke7 Ra5 68. e6 Ra8 69. d7 Kh8 70. d8Q+ Rxd8 71. Kxd8 1-0

[Event "Titled Tuesday intern op 25th Apr Early"]
[Site "Chess.com INT"]
[Date "2023.04.25"]
[Round "4"]
[White "Szajbely, Zsigmond"]
[Black "Kiseleva, Arina"]
[Result "1/2-1/2"]
[WhiteElo "2243"]
[BlackElo "1962"]
[PlyCount "98"]
[EventDate "2023.04.25"]
[EventType "swiss (blitz)"]
[EventRounds "11"]
[EventCountry "USA"]
[SourceTitle "EXT 2024"]
[Source "ChessBase"]
[SourceDate "2023.10.10"]
[SourceVersion "1"]
[SourceVersionDate "2023.10.10"]
[SourceQuality "1"]

1. e4 c6 2. d4 d5 3. e5 Bf5 4. h4 h5 5. Bd3 Bxd3 6. Qxd3 Qa5+ 7. b4 Qxb4+ 8. Nd2 e6 9. Rb1 Qa5 10. Rxb7 Nd7 11. Ne2 Nb6 12. 0-0 Ne7 13. Nb3 Qb5 14. Qf3 Nf5 15. Ng3 g6 16. Nxf5 gxf5 17. Qd3 Qxd3 18. cxd3 Be7 19. Bg5 Bxg5 20. hxg5 f4 21. Rc1 Rc8 22. g6 fxg6 23. Nc5 0-0 24. Nxe6 Rf7 25. Rxf7 Kxf7 26. Rxc6 Rxc6 27. Nd8+ Ke8 28. Nxc6 a6 29. Nb4 a5 30. Nc6 a4 31. Nb4 Kd7 32. a3 Ke6 33. f3 g5 34. Kf2 Nc8 35. Na2 Ne7 36. Nc3 Nf5 37. Nb5 g4 38. Nc7+ Kd7 39. Nxd5 Nxd4 40. fxg4 hxg4 41. Nxf4 Nc2 42. Nd5 Nxa3 43. Nc3 Ke6 44. d4 Nc2 45. Nxa4 Nxd4 46. Kg3 Nf5+ 47. Kxg4 Ne3+ 48. Kf3 Nxg2 49. Kxg2 Kxe5 1/2-1/2

[Event "Titled Tuesday intern op 25th Apr Late"]
[Site "Chess.com INT"]
[Date "2023.04.25"]
[Round "7"]
[White "Szajbely, Zsigmond"]
[Black "Novikova, Margarita"]
[Result "0-1"]
[WhiteElo "2243"]
[BlackElo "1985"]
[PlyCount "118"]
[EventDate "2023.04.25"]
[EventType "swiss (blitz)"]
[EventRounds "11"]
[EventCountry "USA"]
[SourceTitle "EXT 2024"]
[Source "ChessBase"]
[SourceDate "2023.10.10"]
[SourceVersion "1"]
[SourceVersionDate "2023.10.10"]
[SourceQuality "1"]

1. e4 d5 2. exd5 Qxd5 3. Nc3 Qd6 4. d4 Nf6 5. Nf3 c6 6. g3 Bg4 7. Bg2 e6 8. h3 Bh5 9. Bf4 Qb4 10. Qd2 Nd5 11. Nxd5 Qxd2+ 12. Kxd2 cxd5 13. g4 Bg6 14. Ne5 Nc6 15. Nxg6 hxg6 16. c3 Be7 17. Kd3 g5 18. Bg3 0-0-0 19. b4 Bd6 20. Bxd6 Rxd6 21. Rhe1 Ne7 22. b5 Ng6 23. Bf1 Nf4+ 24. Kc2 Nxh3 25. Re3 Nxf2 26. Rf3 Rh2 27. Rxf7 Nxg4+ 28. Kb3 Rd7 29. Rf8+ Kc7 30. Bd3 Nf6 31. a4 g4 32. a5 g3 33. Rg1 Rd2 34. Bf1 Ne4 35. Bh3 Re7 36. Bg2 Rf2 37. Rg8 g5 38. Bxe4 dxe4 39. Rxg3 Rf5 40. R8xg5 e3 41. R5g4 e2 42. Re4 Rxb5+ 43. Kc4 Rxa5 44. Rge3 Kd6 45. Rxe2 Ra4+ 46. Kb3 Ra5 47. c4 Rh5 48. Kb4 b6 49. d5 e5 50. Rg2 Rh6 51. Rg8 Rh1 52. Rg6+ Kd7 53. Kb5 Rb1+ 54. Ka6 Ra1+ 55. Kb7 Ke8+ 56. Kc6 Kf7 57. d6 Kxg6 58. dxe7 Kf7 59. Rxe5 Ke8 0-1

[Event "Titled Tuesday intern op 11th Apr Late"]
[Site "Chess.com INT"]
[Date "2023.04.11"]
[Round "11"]
[White "Cori Tello, Deysi Estella"]
[Black "Szajbely, Zsigmond"]
[Result "1-0"]
[WhiteElo "2362"]
[BlackElo "2243"]
[PlyCount "77"]
[EventDate "2023.04.11"]
[EventType "swiss (blitz)"]
[EventRounds "11"]
[EventCountry "USA"]
[SourceTitle "CBM 213 Extra"]
[Source "ChessBase"]
[SourceDate "2023.05.31"]
[SourceVersion "1"]
[SourceVersionDate "2023.05.31"]
[SourceQuality "1"]

1. b3 h5 2. Bb2 d6 3. d4 h4 4. h3 Nf6 5. c4 c6 6. Nc3 Bf5 7. Qd2 g6 8. f3 Bh6 9. e3 d5 10. Bd3 Qd7 11. Nge2 Qe6 12. Kf2 Nh5 13. Rae1 Qd6 14. cxd5 cxd5 15. Nb5 Qd7 16. Qa5 Bxd3 17. Nc7+ Kf8 18. Nxa8 Na6 19. Nc1 b6 20. Qc3 Bb5 21. Nd3 Kg7 22. Ne5 Qb7 23. a4 Be8 24. Qd3 f6 25. Ng4 Bd7 26. Ba3 Rxa8 27. Bxe7 Bf5 28. Qb5 Nc7 29. Qb4 Na6 30. Qd6 Ng3 31. Qxf6+ Kh7 32. Qxh4 Nh5 33. Nxh6 Kxh6 34. g4 Re8 35. Bg5+ Kg7 36. gxh5 Qc6 37. hxg6 Qc2+ 38. Re2 Qxe2+ 39. Kxe2 1-0

[Event "Titled Tuesday intern op 11th Apr Early"]
[Site "Chess.com INT"]
[Date "2023.04.11"]
[Round "7"]
[White "Melian, Juan Sebastian"]
[Black "Szajbely, Zsigmond"]
[Result "1-0"]
[WhiteElo "2314"]
[BlackElo "2243"]
[PlyCount "89"]
[EventDate "2023.04.11"]
[EventType "swiss (blitz)"]
[EventRounds "11"]
[EventCountry "USA"]
[SourceTitle "CBM 213 Extra"]
[Source "ChessBase"]
[SourceDate "2023.05.31"]
[SourceVersion "1"]
[SourceVersionDate "2023.05.31"]
[SourceQuality "1"]

1. d4 d5 2. Nf3 Nf6 3. c4 dxc4 4. e3 e6 5. Bxc4 a6 6. 0-0 c5 7. Nc3 b5 8. Bd3 Bb7 9. Qe2 Nbd7 10. e4 cxd4 11. Nxd4 Qb6 12. Be3 Bc5 13. Nc2 Bxe3 14. Nxe3 b4 15. Na4 Qc6 16. b3 Nxe4 17. Rac1 Nc3 18. Qg4 Qd6 19. Nxc3 Qxd3 20. Qxg7 Ke7 21. Rfd1 Qg6 22. Qd4 Bc6 23. Qxb4+ Kf6 24. Ne2 Bb5 25. Ng3 Kg7 26. a4 Nf6 27. axb5 axb5 28. Qxb5 h5 29. Qe5 h4 30. Ngf1 Rh5 31. Qb2 Rb8 32. Rd4 h3 33. Rg4 Rg5 34. Rxg5 Qxg5 35. g3 Qh5 36. Qd4 Qf3 37. Qf4 Qb7 38. b4 Rd8 39. b5 Rd3 40. Qg5+ Kf8 41. Qxf6 Rb3 42. Qd8+ Kg7 43. Qg5+ Kf8 44. Rd1 Ke8 45. Rd8# 1-0

[Event "Titled Tuesday intern op 11th Apr Early"]
[Site "Chess.com INT"]
[Date "2023.04.11"]
[Round "2"]
[White "Szajbely, Zsigmond"]
[Black "Berezin, Viktor1111"]
[Result "0-1"]
[WhiteElo "2243"]
[BlackElo "2307"]
[PlyCount "150"]
[EventDate "2023.04.11"]
[EventType "swiss (blitz)"]
[EventRounds "11"]
[EventCountry "USA"]
[SourceTitle "CBM 213 Extra"]
[Source "ChessBase"]
[SourceDate "2023.05.31"]
[SourceVersion "1"]
[SourceVersionDate "2023.05.31"]
[SourceQuality "1"]

1. Nf3 Nf6 2. b4 g6 3. Bb2 Bg7 4. g3 0-0 5. Bg2 d6 6. 0-0 c6 7. c4 a5 8. a3 Na6 9. Qb3 Qb6 10. Bc3 Nc5 11. Qb2 Na4 12. Qb3 Nxc3 13. Nxc3 Bf5 14. d4 Ne4 15. Nxe4 Bxe4 16. e3 c5 17. dxc5 dxc5 18. b5 Bxa1 19. Rxa1 a4 20. Qb2 Rfd8 21. Nd2 Bxg2 22. Kxg2 f5 23. Nf3 Qf6 24. Qxf6 exf6 25. Kf1 b6 26. Ke2 Rd6 27. Rd1 Rad8 28. Rxd6 Rxd6 29. Ne1 Kf7 30. Nd3 g5 31. Nc1 f4 32. gxf4 gxf4 33. Nd3 fxe3 34. fxe3 Ke6 35. Nf4+ Ke5 36. Nd3+ Ke4 37. Nf2+ Kf5 38. Nd3 Kg4 39. Nf4 h5 40. Nd5 Kh3 41. Nf4+ Kg4 42. Nd5 h4 43. Nf4 f5 44. h3+ Kg3 45. Ke1 Kf3 46. Nd5 Re6 47. Kd2 Kg3 48. Nf4 Rd6+ 49. Ke2 Rd8 50. Ke1 Kf3 51. Nd5 Rg8 52. Nxb6 Kxe3 53. Nd5+ Kd3 54. b6 Kxc4 55. Ne7 Rb8 56. Nxf5 Rxb6 57. Nxh4 Rb3 58. Kd2 Rxh3 59. Nf5 Rxa3 60. Kc2 Rf3 61. Nd6+ Kd5 62. Nb5 Rf2+ 63. Kc3 Rf3+ 64. Kc2 c4 65. Nc3+ Kd4 66. Nxa4 Rf2+ 67. Kc1 c3 68. Nb6 Kd3 69. Kb1 Rf1+ 70. Ka2 c2 71. Nd5 c1Q 72. Nb4+ Kd4 73. Nc6+ Qxc6 74. Kb3 Rb1+ 75. Ka2 Qc2+ 0-1

[Event "Titled Tuesday intern op 11th Apr Early"]
[Site "Chess.com INT"]
[Date "2023.04.11"]
[Round "8"]
[White "Szajbely, Zsigmond"]
[Black "Kiseleva, Arina"]
[Result "1-0"]
[WhiteElo "2243"]
[BlackElo "1962"]
[PlyCount "71"]
[EventDate "2023.04.11"]
[EventType "swiss (blitz)"]
[EventRounds "11"]
[EventCountry "USA"]
[SourceTitle "CBM 213 Extra"]
[Source "ChessBase"]
[SourceDate "2023.05.31"]
[SourceVersion "1"]
[SourceVersionDate "2023.05.31"]
[SourceQuality "1"]

1. Nf3 d5 2. c4 e6 3. g3 Nf6 4. Bg2 Be7 5. 0-0 0-0 6. d4 b6 7. Nc3 Bb7 8. b3 dxc4 9. bxc4 c5 10. e3 cxd4 11. exd4 Qc8 12. Qd3 Nc6 13. a3 Rd8 14. Be3 Na5 15. Nd2 Bxg2 16. Kxg2 Qc6+ 17. Kg1 Rac8 18. Nb5 Rd7 19. Rfc1 a6 20. d5 axb5 21. cxb5 Qb7 22. Rxc8+ Qxc8 23. Bxb6 Rxd5 24. Qe2 Rxd2 25. Qxd2 Nb3 26. Qb2 Nxa1 27. a4 Bc5 28. Ba5 Ng4 29. Be1 Qb7 30. Qxa1 h5 31. h3 Nf6 32. Qe5 Qe4 33. Qxe4 Nxe4 34. a5 Nd6 35. b6 Nc8 36. b7 1-0

[Event "Titled Tuesday intern op 11th Apr Late"]
[Site "Chess.com INT"]
[Date "2023.04.11"]
[Round "7"]
[White "Szajbely, Zsigmond"]
[Black "Petrova, Irina"]
[Result "1-0"]
[WhiteElo "2243"]
[BlackElo "2108"]
[PlyCount "147"]
[EventDate "2023.04.11"]
[EventType "swiss (blitz)"]
[EventRounds "11"]
[EventCountry "USA"]
[SourceTitle "CBM 213 Extra"]
[Source "ChessBase"]
[SourceDate "2023.05.31"]
[SourceVersion "1"]
[SourceVersionDate "2023.05.31"]
[SourceQuality "1"]

1. h4 d6 2. e4 e5 3. d4 exd4 4. Qxd4 Nc6 5. Qe3 Nf6 6. Nc3 Be7 7. Bd2 0-0 8. 0-0-0 Ne5 9. h5 Bg4 10. Be2 Bxe2 11. Ngxe2 Nc4 12. Qg3 Nxd2 13. Rxd2 Nd7 14. f4 Nb6 15. h6 g6 16. e5 Qe8 17. Ne4 d5 18. Nf2 c6 19. f5 Nc4 20. Rd4 Bc5 21. Ng4 Kh8 22. Rxc4 dxc4 23. Qc3 Be7 24. e6+ f6 25. Ne3 g5 26. Qxc4 Qd8 27. Rd1 Qb6 28. Qc3 Rad8 29. Ng3 Rxd1+ 30. Nxd1 Qc5 31. Qe3 Rd8 32. Qxc5 Bxc5 33. Ne4 Be7 34. Ndf2 Kg8 35. c3 Rd5 36. g4 Kf8 37. Kc2 Ke8 38. a3 Bd8 39. Nd3 Ke7 40. b4 Bc7 41. a4 Be5 42. Nec5 b6 43. Ne4 Bc7 44. Nef2 Rd8 45. Ne4 Bd6 46. Ndf2 Be5 47. Nd3 Bh2 48. Ndf2 Bc7 49. Nd3 Bb8 50. Ndf2 Re8 51. Nd3 Rd8 52. c4 Bc7 53. Kc3 Bb8 54. c5 Bc7 55. Kc4 Bb8 56. Nc3 Bc7 57. b5 cxb5+ 58. Nxb5 Bb8 59. c6 Rc8 60. Kd5 a6 61. c7 Bxc7 62. Nxc7 Rxc7 63. Nb4 Rc5+ 64. Kd4 a5 65. Nd5+ Rxd5+ 66. Kxd5 Ke8 67. Kc6 Ke7 68. Kxb6 Ke8 69. Kxa5 Ke7 70. Kb6 Ke8 71. a5 Ke7 72. a6 Ke8 73. a7 Ke7 74. Kc6 1-0

[Event "Titled Tuesday intern op 11th Apr Late"]
[Site "Chess.com INT"]
[Date "2023.04.11"]
[Round "10"]
[White "Szajbely, Zsigmond"]
[Black "Sztokbant, Bernardo Vainzoff"]
[Result "1-0"]
[WhiteElo "2243"]
[BlackElo "2213"]
[PlyCount "63"]
[EventDate "2023.04.11"]
[EventType "swiss (blitz)"]
[EventRounds "11"]
[EventCountry "USA"]
[SourceTitle "CBM 213 Extra"]
[Source "ChessBase"]
[SourceDate "2023.05.31"]
[SourceVersion "1"]
[SourceVersionDate "2023.05.31"]
[SourceQuality "1"]

1. h4 a5 2. e4 e5 3. Nc3 Nf6 4. f4 exf4 5. e5 Qe7 6. Qe2 Ng8 7. Nf3 c6 8. d4 d5 9. Bxf4 Bg4 10. 0-0-0 Na6 11. Kb1 Nc7 12. Qf2 h5 13. Bg5 Qd7 14. Be2 Ne6 15. Na4 Qc7 16. Be3 Nh6 17. c4 dxc4 18. d5 cxd5 19. Rxd5 Nf5 20. Rhd1 Nxe3 21. Qxe3 Be7 22. Nb6 Rd8 23. Rxd8+ Bxd8 24. Nd7 Be7 25. Qe4 Nd8 26. e6 fxe6 27. Qg6+ Nf7 28. Qxg7 Qf4 29. Nfe5 Bf5+ 30. Ka1 Nxe5 31. Qxh8+ Kf7 32. Nxe5+ 1-0

[Event "Titled Tuesday intern op 11th Apr Late"]
[Site "Chess.com INT"]
[Date "2023.04.11"]
[Round "6"]
[White "Winkels, Marcel"]
[Black "Szajbely, Zsigmond"]
[Result "1/2-1/2"]
[WhiteElo "1962"]
[BlackElo "2243"]
[PlyCount "42"]
[EventDate "2023.04.11"]
[EventType "swiss (blitz)"]
[EventRounds "11"]
[EventCountry "USA"]
[SourceTitle "CBM 213 Extra"]
[Source "ChessBase"]
[SourceDate "2023.05.31"]
[SourceVersion "1"]
[SourceVersionDate "2023.05.31"]
[SourceQuality "1"]

1. d4 e6 2. Nc3 c5 3. Bf4 cxd4 4. Qxd4 Nc6 5. Qd2 Nf6 6. e4 Bb4 7. Bd3 d5 8. e5 d4 9. exf6 Qxf6 10. Nge2 dxc3 11. bxc3 Bc5 12. 0-0 h6 13. Ng3 0-0 14. Ne4 Qe7 15. Nxc5 Qxc5 16. Bxh6 gxh6 17. Qxh6 f5 18. Qg6+ Kh8 19. Qh6+ Kg8 20. Qg6+ Kh8 21. Qh6+ Kg8 1/2-1/2